| 000 | 00627nam a2200205 i 4500 | ||
|---|---|---|---|
| 001 | 30272 | ||
| 003 | ES-MaACL | ||
| 005 | 20230906154151.0 | ||
| 007 | t| | ||
| 008 | 030124s1910 it ||||1| ita d | ||
| 100 | 1 |
_aBassi, Domenico. _926318 |
|
| 245 | 1 | 0 |
_aDisegno storico della vita e cultura greca... / _cDomenico Bassi, Emidio Martini. |
| 260 |
_aMilano : _bUlrico Hoepli, _c1910 ( _fUmberto Allegretti) |
||
| 300 |
_aXVI, 791 p., 13 lám. : _bil. ; _c15 cm. |
||
| 490 | 1 | _aManuali Hoepli | |
| 700 | 1 |
_aMartini, Emidio. _978494 |
|
| 830 | 0 |
_aManuali Hoepli _9180782 |
|
| 852 |
_aES-MaACL _jD-4288 |
||
| 999 |
_c30272 _d30272 |
||